000 00426nam a2200169 a 4500
001 22462
005 20180713220351.0
008 140415s1985 000 0 spa d
020 _a0194322785
041 _aspa
082 _a428.6
_bVIN
100 1 _aVINEY, PETER
245 1 0 _aCONNECTIONS IN READING
260 _a[s.l.] :
_bOXFORD UNIVERSITY PRESS,
_c1985
300 _a42
650 1 4 _aINGLES
_xLECTURA
999 _c22462
_d22462